| 000 | 00468nam a22001817a 4500 | ||
|---|---|---|---|
| 003 | OSt | ||
| 005 | 20140310182352.0 | ||
| 008 | 130930t xxu||||| |||| 00| 0 eng d | ||
| 020 | _a0395459923 | ||
| 050 |
_aHM 132 _b.Ap646 1989 |
||
| 082 |
_aGS 398.21 _bAp48 1989 |
||
| 245 | _aApperances / | ||
| 260 |
_aBoston : _bHoughton Mifflin Company, _c1989 |
||
| 300 |
_a62 p. : _bill. col. ; _c27 cm. |
||
| 650 |
_aFolktales _921373 |
||
| 942 |
_2lcc _cBK-GS |
||
| 999 |
_c12392 _d12392 |
||